Statistics for Most Popular Fast Food Restaurants in Nebraska

Click here to take the quiz!

General Stats

  • This quiz has been taken 29 times
  • The average score is 9 of 20

Answer Stats

Known ForRestaurant% Correct
MexicanTaco Bell
96%
ChickenChick Fil-A
83%
PizzaPizza Hut
83%
RunzasRunza
75%
BurgersBurger King
71%
DonutsDunkin Donuts
67%
ButterburgersCulver's
63%
BurgersWendy's
58%
ChickenRaising Cane's
54%
PizzaPapa John's
46%
BurgersDairy Queen
42%
SteakburgersFreddy's
42%
MexicanAmigo's
33%
MexicanChipotle
33%
PizzaLittle Caesar's
33%
BurgersArby's
25%
Hot DogsFive Guy's
17%
SteakSteak and Shake
13%
MexicanSalsarita's
4%
ChickenSlim Chicken's
4%

Score Distribution

Percentile by Number Answered

Percent of People with Each Score

Your Score History

You have not taken this quiz